[Event "Bremen Silvester op"]
[Site "Bremen"]
[Date "2021.12.28"]
[Round "4"]
[White "Monnerjahn, Lukas"]
[Black "Van Gaalen, Jakob"]
[Result "0-1"]
[WhiteElo "1786"]
[BlackElo "1395"]
[PlyCount "80"]
[EventDate "2021.12.21"]
[EventType "swiss"]
[EventRounds "7"]
[EventCountry "GER"]
[SourceTitle "CBM 205 Extra"]
[Source "ChessBase"]
[SourceDate "2022.01.31"]
[SourceVersion "1"]
[SourceVersionDate "2022.01.31"]
[SourceQuality "1"]

1. d4 Nf6 2. c4 g6 3. Nc3 Bg7 4. e4 d6 5. Nf3 0-0 6. Be2 e5 7. 0-0 Na6 8. Be3 c5 9. d5 Ng4 10. Bg5 f6 11. Bd2 f5 12. Ne1 Nf6 13. f3 f4 14. a3 h5 15. Nd3 Nc7 16. b4 b6 17. a4 g5 18. a5 Bd7 19. axb6 axb6 20. Na4 Rb8 21. Qc2 Kh8 22. Rfb1 g4 23. bxc5 bxc5 24. Naxc5 Rxb1+ 25. Rxb1 dxc5 26. Nxe5 Qe8 27. Nd3 gxf3 28. Bxf3 Nxe4 29. Bxf4 Na6 30. Re1 Bf5 31. Qe2 Nf6 32. Be5 Qg6 33. Nf4 Qh6 34. Ne6 Rg8 35. Bf4 Qg6 36. Ng5 Re8 37. Qd1 Nb4 38. Rxe8+ Qxe8 39. Bd6 Qe3+ 40. Kh1 Nd3 0-1

[Event "Bremen Silvester op"]
[Site "Bremen"]
[Date "2021.12.27"]
[Round "2"]
[White "Hattenhauer, Klaus"]
[Black "Van Gaalen, Jakob"]
[Result "0-1"]
[WhiteElo "1816"]
[BlackElo "1395"]
[PlyCount "62"]
[EventDate "2021.12.21"]
[EventType "swiss"]
[EventRounds "7"]
[EventCountry "GER"]
[SourceTitle "CBM 205 Extra"]
[Source "ChessBase"]
[SourceDate "2022.01.31"]
[SourceVersion "1"]
[SourceVersionDate "2022.01.31"]
[SourceQuality "1"]

1. d4 Nf6 2. Nf3 g6 3. Bf4 Bg7 4. e3 0-0 5. Bd3 d5 6. Nbd2 Bg4 7. h3 Bxf3 8. Qxf3 e6 9. 0-0 Nbd7 10. c4 Re8 11. cxd5 Nxd5 12. Bh2 c6 13. Nc4 Bf8 14. a3 b5 15. Nd2 Rc8 16. Rfd1 a6 17. Ne4 e5 18. dxe5 Nxe5 19. Qe2 Qe7 20. Bc2 Bg7 21. Nd2 c5 22. Nf1 Red8 23. a4 c4 24. axb5 axb5 25. Ra5 Qb4 26. Rda1 Rb8 27. e4 Nc7 28. f4 Nc6 29. R5a2 Nd4 30. Qf2 Qc5 31. f5 Ne2+ 0-1